| 000 | 00582nam a2200229Ia 4500 | ||
|---|---|---|---|
| 003 | OSt | ||
| 005 | 20220924150747.0 | ||
| 006 | a|||||r|||| 00| 0 | ||
| 007 | ta | ||
| 008 | 220923b |||||||| |||| 00| 0 tel d | ||
| 024 | _a334468 | ||
| 037 | _cTextual | ||
| 040 |
_aARTS _cARTS _btel |
||
| 041 |
_2tel _atel |
||
| 082 | _aO31,3M79x, 35J7 | ||
| 100 |
_aGopalachari Raja _9222841 |
||
| 245 | 0 | _aRajaji kattu kadhalu | |
| 260 | _c1957 | ||
| 650 | _aTAMIL FICTION | ||
| 942 |
_hO31,3M79x, 35J7 _cTEXL _2CC |
||
| 999 |
_c464388 _d464388 |
||